| 000 | 02979nam a2200325 a 4500 | ||
|---|---|---|---|
| 003 | OSt | ||
| 005 | 20240911144951.0 | ||
| 007 | cr ||||||a|c|a | ||
| 008 | 240207s2019 mx a|||fom||| 001 0 spa d | ||
| 040 | _erda | ||
| 100 | 1 |
_9188650 _aAlavez Ordoñez, Josué |
|
| 245 | 1 | 0 |
_aEvaluación de dietas a base de alfalfa (Medicago sativa L.) o treból blanco (Trifolium repens L.) en la engorda de conejos / _cpor Josué Alavez Ordoñez y José Enrique Estevané Guzmán ; director de tesis Fernando González Cerón. |
| 264 | 1 |
_aChapingo, México : _bEl autor, _c2019. |
|
| 300 |
_a1 recurso en línea (57 páginas): _bcuadros. |
||
| 336 |
_2rdacontent _atexto _btxt |
||
| 337 |
_2rdamedia _acomputadora _bc |
||
| 338 |
_2rdacarrier _arecurso en línea _bcr |
||
| 502 |
_bIAEZ _cZootecnía _d2019. _gLIC |
||
| 504 | _aIncluye referencias bibliográficas: páginas 51-57. | ||
| 520 | _aEl conejo es un mamífero con capacidad de consumir dietas altas en fibra. El objetivo del presente experimento fue evaluar el comportamiento productivo de conejos alimentados con dietas a base de trébol blanco (Dieta 1) y alfalfa (Dieta 2). El experimento se llevó a cabo durante el periodo otoño-invierno de 2018. Se utilizaron 111 conejos (machos y hembras) destetados, a 31 días de edad. Los animales fueron distribuidos aleatoriamente en los dos tratamientos con 10 repeticiones, de cuatro a seis animales por jaula, de manera que 56 conejos recibieron la Dieta 1 y 55 la Dieta 2. Todos los animales tuvieron acceso libre a alimento y agua durante los 35 días de engorda. Las variables que se evaluaron fueron: peso vivo (PV) semanal, ganancia de peso (GP), conversión alimenticia (CA) y rendimiento en canal caliente (RCC) y fría (RCF). No se detectaron diferencias (P≥0.05) entre tratamientos para dichas variables. Al final del periodo de engorda, los PV de los conejos alimentados con las dietas 1 y 2 fueron: 2012±36 y 1960±37 g, respectivamente. La ganancia de peso en el periodo de 1 a 35 días de engorda fue 1126±55 y 995±56 g animal-1 para las dietas 1 y 2, respectivamente. Además, la conversión alimenticia en el mismo periodo y orden de tratamientos fue de 3.3±0.2 y 3.4±0.2 g/g. Los rendimientos en canal caliente y fría fueron 48.0±0.5 y 55.9±0.6% para la Dieta 1, y 48.1±0.5 y 55.8±0.7% para la Dieta 2. Se concluye que, con la inclusión de trébol blanco en dietas para engorda de conejos se obtiene el mismo desempeño productivo que al usar alfalfa. | ||
| 650 | 4 |
_926353 _aConejos _xAlimentación |
|
| 650 | 4 |
_926374 _aConejos _xPeso |
|
| 650 | 4 |
_93899 _aAlfalfa como forraje |
|
| 650 | 4 |
_9188652 _aTrebol blanco como forraje |
|
| 650 | 4 |
_919149 _aCarne de conejo _xProducción |
|
| 700 | 1 |
_9188651 _aEstevané Guzmán, José Enrique |
|
| 700 | 1 |
_948783 _aGonzález Cerón, Fernando _eDirector de tesis. |
|
| 856 |
_uhttp://10.13.5.2/tesis/tl/Alvarez_Ordonez_Josue.pdf _zDESCARGAR PDF |
||
| 942 |
_2Clasificación Universidad Autónoma Chapingo _cTD |
||
| 999 |
_c219645 _d219645 |
||